Normal view
MARC view
- Sirrenberg
Entry Personal Name
001 - CONTROL NUMBER
- control field: 91971
003 - CONTROL NUMBER IDENTIFIER
- control field: NUST
005 - DATE AND TIME OF LATEST TRANSACTION
- control field: 20220601115303.0
008 - FIXED-LENGTH DATA ELEMENTS
- fixed length control field: 220601|| aca||aabn | a|a d
040 ## - CATALOGING SOURCE
- Original cataloging agency: NUST
- Transcribing agency: NUST
100 ## - HEADING--PERSONAL NAME
- Personal name: Sirrenberg
670 ## - SOURCE DATA FOUND
- Source citation: Work cat.: (NUST): Sirrenberg, Understanding Artificial Intelligence /, 2020
